|
|
|
|
| LEADER |
00000nam a2200000 a 4500 |
| 001 |
vtls001287828 |
| 003 |
SK-MaSNL |
| 005 |
20260331203558.0 |
| 008 |
160624s1997 xo 0 slo |
| 015 |
|
|
|a SNBH1997/0301160
|
| 020 |
|
|
|a 8080510431
|
| 035 |
|
|
|a SNK000239418
|
| 040 |
|
|
|a SNK
|b slo
|c SNK
|e AACR2
|
| 041 |
0 |
|
|a slo
|
| 044 |
|
|
|a xo
|c SK
|
| 080 |
|
|
|a 788.1+786.2
|2 1981
|
| 080 |
|
|
|a 786.2
|2 1981
|
| 100 |
1 |
|
|a Hochel, Stanislav,
|d 1950-
|4 skl
|9 90234
|
| 245 |
1 |
|
|a Valčík pre trúbku (B) a klavír
|h hudobnina
|c Stanislav Hochel
|
| 260 |
|
|
|a Bratislava
|b Hudobný fond
|c 1997
|
| 300 |
|
|
|a 1 partitúra (3 s.)
|c 30x21 cm
|e 1 hlas ([2] s.)
|
| 500 |
|
|
|a 500 výt.
|
| 650 |
0 |
7 |
|a inštrumentálna tvorba
|x valčíky
|x trúbka a klavír
|2 SNK
|9 382800
|
| 650 |
0 |
7 |
|a valčíky
|x trúbka a klavír
|2 SNK
|9 382801
|
| 655 |
|
7 |
|a HHU
|2 SNK
|9 283804
|
| 919 |
|
|
|a 80-8051-043-1
|
| 924 |
|
|
|a trúbka a klavír
|
| 999 |
|
|
|c 628553
|d 630483
|
| 952 |
|
|
|t P60, <09>, [BOOK], {629}
|a SNK
|b SNK
|y NEVYP
|7 0
|o snkB 649
|i snk2453/970529
|0 0
|1 0
|4 0
|d 1997-05-29
|l 0
|r 2005-01-02 00:00:00
|w 2026-02-23
|
| 952 |
|
|
|t P60, <03>, [BOOK], {603}
|a SNK
|b SNK
|y PREZ
|7 0
|p 17A0066162
|o snkHSB 3399
|i snkKSP 5353/97
|0 0
|1 0
|4 0
|d 1997-05-29
|l 0
|r 2005-01-02 00:00:00
|w 2026-02-23
|
| 952 |
|
|
|t P60, <04>, [BOOK], {604}
|a SNK
|b SNK
|y VYP
|7 0
|p 17A0066161
|o snkHSB 3399 D1
|i snkKSP 5354/97
|0 0
|1 0
|4 0
|d 1997-05-29
|l 0
|r 2005-01-02 00:00:00
|w 2026-02-23
|